000 00370nam a2200157 4500
001 44949
090 _a44949
100 _a20251015 pory50
101 _apor
_aing
102 _aPT
200 _aGrand Budapest Hotel
_frealiz. Wes Anderson
210 _a[S.l.]
_cdist. Pris Audiovisuais
_d2014
215 _a1 DVD
675 _a82-31
801 _aPT
_gRPC
990 _cFILMES DVD